| 000 | 004770000a22001690004500 | ||
|---|---|---|---|
| 003 | LK-CoMWRAF | ||
| 008 | 230817t ||||| |||| 00| 0 eng d | ||
| 020 | _a157120170X | ||
| 040 |
_aLK-CoMWRAF _dLK-CoMWRAF _eLK-CoMWRAF |
||
| 041 | _aeng | ||
| 082 |
_a800 _bARM |
||
| 100 | _aArmstrong, Carol | ||
| 245 |
_aQuilting with Carol Armstrong _b30 Quilting Patterns, Applique Designs, 16 Projects |
||
| 250 | _a96 | ||
| 260 |
_bC & T Publishing _aLafayette, Ca. _c2001 |
||
| 942 | _cBK | ||
| 999 |
_c1278 _d1278 |
||